000 00990nam a2200277Ia 4500
003 GCL
008 140319s9999 xx 000 0 ara d
040 _aGCL /
_cGCL
082 0 4 _a327.11
_bف ن
100 1 _aفروم، ديفيد
245 1 0 _aنهاية الشر :
_bكيفية الانتصار على الإرهاب /
_cفروم، ديفيد
700 1 _aبيرل، ريتشارد
700 1 _aفؤاد السروجى
250 _aالاولى
260 _aالاردن :
_bالاهلية للنشر والتوزيع ،
_c2004
300 _a268 ص ؛
_c24 سم
650 0 4 _aالارهاب
650 0 4 _aالجرائم السياسية
650 0 4 _aالنظم السياسية
650 0 4 _aالجرائم الدولية
650 0 4 _aالقوى العظمى
650 0 4 _aالارهاب الدولى
650 0 4 _aالولايات المتحدة الامريكية - العلاقات الخارجية
650 0 4 _aاحداث 11 سبتمبر
942 _2ddc
_cBK
999 _c9450
_d9450